00396 2200181 4500001002100000005001500021035002000036245001900056100001000075250000600085300002600091260003100117082000800148084001400156020002200170600001000192990001200202INLIS00000000000197020250523110138 a0010-05250002621 aRigel /cRirin0 aRirin a1 a220 ;c13,5 x 19,5 cm aJakarta :bloveable,c2020 a813 a813 RIR r a978-623-6619-22-3 4aFiksi a0754541